Statistics for Star Wars - Every Jedi Ever

Click here to take the quiz!

General Stats

  • This quiz has been taken 1,833 times
  • The average score is 20 of 97

Answer Stats

HintAnswer% Correct
Obi-wan Kenobi
96%
Yoda
95%
Episode 1: The Phantom MenaceQui-Gon Jinn
94%
Anakin Skywalker
93%
Mace Windu
93%
Episode 4: A New HopeLuke Skywalker
84%
Episode 2: Attack of the ClonesKit Fisto
79%
Ki Adi Mundi
76%
Plo Koon
74%
Star Wars: The Clone WarsAhsoka Tano
65%
Yaddle
60%
Shaak Ti
56%
Luminara Unduli
55%
Aayla Secura
54%
Episode 7: The Force AwakensBen Solo
51%
Ezra Bridger
48%
Count Dooku
45%
Star Wars RebelsKanan Jarrus
45%
Barriss Offee
42%
Eeth Koth
38%
Coleman Trebor
36%
Quinlan Vos
35%
Saesee Tiin
34%
Agen Kolar
33%
Adi Gallia
31%
Even Piell
29%
Yarael Poof
27%
Jocasta Nu
25%
Depa Billaba
24%
Oppo Rancisis
24%
Pong Krell
24%
Stass Allie
23%
Asajj Ventress
22%
Ima-Gun Di
19%
Sifo Dyas
19%
Nahdar Vebb
15%
Coleman Kcaj
13%
Tiplar
13%
Tiplee
13%
Gungi
12%
OtherRevan
12%
Tera Sinube
12%
Cin Drallig
11%
Bultar Swan
10%
Galen Marek
10%
Halsey
8%
Pablo Jill
8%
Zett Jukassa
8%
Katooni
7%
Knox
7%
Ord Enisence
7%
Zatt
7%
Byph
6%
Ky Narec
6%
Petro
6%
Bastila Shan
5%
Bene
5%
Ganodi
5%
Sora Bulq
5%
Eekar Oki
4%
Finn Ertay
4%
Kalifa
4%
Books - Dark DisipleTholme
4%
Episode 3: Revenge of the SithWhie
4%
Bolla Ropai
3%
Jinx
3%
Kyle Katarn
3%
O-mer
3%
Rig Nema
3%
Sar Labooda
3%
Tan Yuster
3%
Thongla Jur
3%
Tu-Anh
3%
Akar-Deshu
2%
Bairdon Jace
2%
Ekim Ryelli
2%
Fi-Ek Sirch
2%
Heir to the JediHuulik
2%
Ichi-Tan Micoda
2%
Joclad Danva
2%
Kav Bayons
2%
Khaat Qiyn
2%
Lumas Etima
2%
Mara Jade Skywalker
2%
Nicanas Tassu
2%
Showdown on the Smuggler's Moon, Part IIPhin-Law Wo
2%
Que-Mars Redath Gom
2%
Ran Deezy
2%
Roan Shryne
2%
Roth-Del Masona
2%
Sarissa Jeng
2%
Sephjet Josall
2%
Tarados Gon
2%
Tutso Mara
2%
The End of HistoryUvell
2%
Cade Skywalker
1%
Farn Klin
1%

Score Distribution

Percentile by Number Answered

Percent of People with Each Score

Your Score History

You have not taken this quiz